| 000 | 00624nam a2200193 i 4500 | ||
|---|---|---|---|
| 001 | 45718 | ||
| 003 | ES-MaACL | ||
| 005 | 20260106063014.0 | ||
| 007 | t| | ||
| 008 | 030326s1963 sp ||||1| spa d | ||
| 100 | 1 |
_aColomer, Eusebi, _d1923-1997 _939844 |
|
| 245 | 1 | 0 |
_aMundo y Dios al encuentro _b: el evolucionismo cristiano de Teilhard de Chardin / _cEusebio Colomer. |
| 260 |
_aBarcelona : _bNova Terra, _c1963. |
||
| 300 |
_a138 p. ; _c17 cm. |
||
| 490 | 1 |
_aColección Síntesis ; _v3 |
|
| 830 | 0 |
_aColección Síntesis ; _v3 _9181518 |
|
| 852 |
_aES-MaACL _jC-26117 _bR.54745 |
||
| 999 |
_c45718 _d45718 |
||